[Event "Muensterland Verbandsklasse playoff"]
[Site "Germany"]
[Date "2022.05.14"]
[Round "3.3"]
[White "Hemmert, Michael"]
[Black "Herdering, Martin"]
[Result "1/2-1/2"]
[WhiteElo "1762"]
[BlackElo "1783"]
[PlyCount "103"]
[EventDate "2022.04.02"]
[EventType "team-tourn"]
[EventRounds "5"]
[EventCountry "GER"]
[SourceTitle "EXT 2023"]
[Source "ChessBase"]
[SourceDate "2022.10.05"]
[SourceVersion "1"]
[SourceVersionDate "2022.10.05"]
[SourceQuality "1"]
[WhiteTeam "Rheine Klein Berlin II"]
[BlackTeam "Heiden"]
[WhiteTeamCountry "GER"]
[BlackTeamCountry "GER"]

1. d4 d5 2. Bf4 Nf6 3. e3 e6 4. Nf3 c5 5. c3 Nc6 6. Nbd2 cxd4 7. exd4 Bd6 8. Bg5 0-0 9. Bd3 e5 10. dxe5 Nxe5 11. Nxe5 Bxe5 12. Nf3 Qd6 13. 0-0 Bg4 14. h3 Bh5 15. Re1 Bf4 16. Bxf6 Qxf6 17. g4 Bg6 18. Bxg6 fxg6 19. Qxd5+ Kh8 20. Qe6 Qd8 21. Rad1 Qa5 22. Rd7 Rad8 23. Qe7 Rg8 24. Ne5 Bxe5 25. Rxd8 Qxd8 26. Qxd8 Rxd8 27. Rxe5 h5 28. gxh5 gxh5 29. Rxh5+ Kg8 30. Rb5 b6 31. Kg2 Kf7 32. Kg3 Kf6 33. Kg4 Rd1 34. f4 Rg1+ 35. Kf3 g6 36. Rd5 Rf1+ 37. Kg3 Rg1+ 38. Kf2 Rh1 39. Kg2 Re1 40. Rd2 Kf5 41. Kf3 Rf1+ 42. Rf2 Rh1 43. Kg2 Rd1 44. c4 a5 45. b3 a4 46. bxa4 Rc1 47. Rb2 Rxc4 48. a5 bxa5 49. Rb5+ Kxf4 50. Rxa5 g5 51. Ra8 Rc2+ 52. Kg1 1/2-1/2

[Event "Muensterland Verbandsklasse playoff"]
[Site "Germany"]
[Date "2022.04.23"]
[Round "2.4"]
[White "Hokamp, Sascha"]
[Black "Herdering, Martin"]
[Result "1-0"]
[WhiteElo "1873"]
[BlackElo "1783"]
[PlyCount "145"]
[EventDate "2022.04.02"]
[EventType "team-tourn"]
[EventRounds "5"]
[EventCountry "GER"]
[SourceTitle "EXT 2023"]
[Source "ChessBase"]
[SourceDate "2022.10.05"]
[SourceVersion "1"]
[SourceVersionDate "2022.10.05"]
[SourceQuality "1"]
[WhiteTeam "Reckenfeld"]
[BlackTeam "Heiden"]
[WhiteTeamCountry "GER"]
[BlackTeamCountry "GER"]

1. d4 d5 2. Bf4 Nf6 3. Nc3 Bf5 4. g3 e6 5. Bg2 Bb4 6. Bd2 0-0 7. Nf3 h6 8. 0-0 c5 9. a3 Bxc3 10. Bxc3 Ne4 11. Be1 Nd7 12. dxc5 Ndxc5 13. Nd4 Bg6 14. f3 Nd6 15. b4 Na4 16. Ra2 Nb6 17. e3 Nbc4 18. Qe2 Rc8 19. Bf2 Nf5 20. Nxf5 Bxf5 21. e4 dxe4 22. fxe4 Bg6 23. Bc5 Rxc5 24. bxc5 Qd4+ 25. Qf2 Qe5 26. Re1 Rc8 27. c3 Rxc5 28. Qd4 Qc7 29. Rd1 Kh7 30. a4 Ne5 31. Qd8 Rxc3 32. Qxc7 Rxc7 33. Rb2 b6 34. Rb5 f6 35. a5 Be8 36. axb6 axb6 37. Rxb6 Rc4 38. Rxe6 Bc6 39. Re1 Nd3 40. Bf1 Nxe1 41. Bxc4 Nf3+ 42. Kf2 Ne5 43. Bd5 Bd7 44. Re7 h5 45. Be6 Bxe6 46. Rxe6 g5 47. h3 Kg6 48. Re7 h4 49. gxh4 gxh4 50. Ke3 Kg5 51. Rg7+ Ng6 52. Kf3 Kh6 53. Ra7 Kg5 54. Ra5+ Ne5+ 55. Ke3 Kg6 56. Kf4 Nd3+ 57. Kg4 Nf2+ 58. Kxh4 Nxe4 59. Kg4 Nf2+ 60. Kg3 Nd3 61. Ra8 Ne5 62. Rg8+ Kh7 63. Rc8 Kg6 64. Kf4 Nd3+ 65. Ke3 Ne5 66. Rg8+ Kf5 67. h4 Ng4+ 68. Kf3 Ne5+ 69. Kg3 Ke4 70. h5 f5 71. h6 f4+ 72. Kh2 f3 73. Re8 1-0

[Event "Muensterland Verbandsliga 1819"]
[Site "Germany"]
[Date "2018.09.01"]
[Round "1.5"]
[White "Grotenhuis, Gerard"]
[Black "Herdering, Martin"]
[Result "1/2-1/2"]
[WhiteElo "1904"]
[BlackElo "1819"]
[PlyCount "97"]
[EventDate "2018.09.01"]
[EventType "team-tourn"]
[EventRounds "9"]
[EventCountry "GER"]
[SourceTitle "EXT 2020"]
[Source "ChessBase"]
[SourceDate "2019.10.17"]
[SourceVersion "1"]
[SourceVersionDate "2019.10.17"]
[SourceQuality "1"]
[WhiteTeam "Metelen"]
[BlackTeam "Heiden"]
[WhiteTeamCountry "GER"]
[BlackTeamCountry "GER"]

1. b3 e5 2. Bb2 Nc6 3. e3 d5 4. Bb5 e4 5. f4 f5 6. Qh5+ g6 7. Qe2 Nf6 8. Nh3 Bg7 9. c4 a6 10. Bxc6+ bxc6 11. Nc3 0-0 12. Rc1 d4 13. exd4 Qxd4 14. Nf2 c5 15. Na4 Qd6 16. Be5 Qc6 17. Qe3 Nd7 18. Bxg7 Kxg7 19. g4 fxg4 20. Nxg4 h5 21. Qc3+ Kh7 22. Ne5 Nxe5 23. Qxe5 Bh3 24. Rg1 Rae8 25. Qxc5 Qf6 26. Qg5 Qd6 27. c5 Qe6 28. Rc3 Bf5 29. c6 Qd6 30. Rgg3 Rd8 31. Rg2 Rfe8 32. Nb2 Qd4 33. Nd1 e3 34. Rxe3 Rxe3+ 35. Nxe3 Re8 36. Re2 Qe4 37. Kf2 Bg4 38. Re1 Qd4 39. Qd5 Qxf4+ 40. Kg1 Be6 41. Qg2 Rd8 42. Re2 Qd4 43. Qg3 Rd6 44. Qf2 Rxc6 45. Ng2 Rc1+ 46. Ne1 Qg4+ 47. Qg2 Qd4+ 48. Qf2 Qg4+ 49. Qg2 1/2-1/2

[Event "Muensterland Verbandsliga 1718"]
[Site "Germany"]
[Date "2018.01.20"]
[Round "5.5"]
[White "Hedwig, Johannes"]
[Black "Herdering, Martin"]
[Result "1/2-1/2"]
[WhiteElo "1787"]
[BlackElo "1806"]
[PlyCount "23"]
[EventDate "2017.09.09"]
[EventType "team-tourn"]
[EventRounds "9"]
[EventCountry "GER"]
[SourceTitle "EXT 2019"]
[Source "ChessBase"]
[SourceDate "2018.10.10"]
[SourceVersion "1"]
[SourceVersionDate "2018.10.10"]
[SourceQuality "1"]
[WhiteTeam "Emsdetten Rochade II"]
[BlackTeam "Heiden"]
[WhiteTeamCountry "GER"]
[BlackTeamCountry "GER"]

1. e4 e5 2. Nf3 Nf6 3. Nc3 Nc6 4. d4 exd4 5. Nxd4 Bb4 6. Nxc6 Bxc3+ 7. bxc3 dxc6 8. Qxd8+ Kxd8 9. Bg5 h6 10. Bxf6+ gxf6 11. 0-0-0+ Ke7 12. Bd3 1/2-1/2

[Event "Muensterland Verbandsliga 1314"]
[Site "Germany"]
[Date "2013.11.16"]
[Round "3.4"]
[White "Junker, Axel"]
[Black "Herdering, Martin"]
[Result "1/2-1/2"]
[WhiteElo "1826"]
[BlackElo "1859"]
[PlyCount "36"]
[EventDate "2013.09.07"]
[EventType "team-tourn"]
[EventRounds "9"]
[EventCountry "GER"]
[SourceTitle "EXT 2015"]
[Source "ChessBase"]
[SourceDate "2014.11.20"]
[SourceVersion "1"]
[SourceVersionDate "2014.11.20"]
[SourceQuality "1"]
[WhiteTeam "Telgte"]
[BlackTeam "Heiden"]
[WhiteTeamCountry "GER"]
[BlackTeamCountry "GER"]

1. c4 c6 2. d4 d5 3. cxd5 cxd5 4. Bg5 h6 5. Bh4 Nc6 6. e3 Bf5 7. Bd3 Qa5+ 8. Nc3 Bxd3 9. Qxd3 e6 10. Nge2 Be7 11. Bg3 Nf6 12. 0-0 0-0 13. f3 Rac8 14. a3 Qd8 15. b4 Ne8 16. e4 dxe4 17. fxe4 Bf6 18. Rad1 Nxd4 1/2-1/2

[Event "Muensterland Verbandsklasse-B 1112"]
[Site "Germany"]
[Date "2012.02.11"]
[Round "6.3"]
[White "Herdering, Martin"]
[Black "Wetterau, Georg"]
[Result "0-1"]
[WhiteElo "1842"]
[BlackElo "1847"]
[PlyCount "84"]
[EventDate "2011.09.17"]
[EventType "team-tourn"]
[EventRounds "9"]
[EventCountry "GER"]
[SourceTitle "EXT 2013"]
[Source "ChessBase"]
[SourceDate "2012.11.22"]
[SourceVersion "1"]
[SourceVersionDate "2012.11.22"]
[SourceQuality "1"]
[WhiteTeam "Heiden II"]
[BlackTeam "Nordwalde"]
[WhiteTeamCountry "GER"]
[BlackTeamCountry "GER"]

1. e4 e5 2. Nf3 Nc6 3. Bc4 Nf6 4. d4 exd4 5. 0-0 Bc5 6. e5 d5 7. exf6 dxc4 8. fxg7 Rg8 9. Re1+ Be7 10. Bg5 Be6 11. Bxe7 Kxe7 12. Nbd2 Qd5 13. b3 b5 14. a4 c3 15. Ne4 b4 16. Neg5 Rxg7 17. Nxe6 fxe6 18. g3 Rf8 19. Nh4 Rf4 20. Ng2 Re4 21. Rxe4 Qxe4 22. f3 Qf5 23. Qe2 d3 24. cxd3 Nd4 25. Qf2 Nxb3 26. Rd1 Qc5 27. Ne3 Nd4 28. Nc2 Nxf3+ 29. Kg2 Nh4+ 30. Kg1 Qd6 31. Rf1 Nf5 32. Ne3 Rf7 33. g4 Nh6 34. Qh4+ Ke8 35. Qxh6 Rxf1+ 36. Kxf1 Qxd3+ 37. Kf2 Qd2+ 38. Kf3 Qd7 39. Qg5 Qxa4 40. Qg8+ Kd7 41. Qxh7+ Kc8 42. Qe4 Kb8 0-1

[Event "Muensterland Verbandsliga 1112"]
[Site "Germany"]
[Date "2011.11.19"]
[Round "3.7"]
[White "Herdering, Martin"]
[Black "Hunhoff, Andreas"]
[Result "1-0"]
[WhiteElo "1851"]
[BlackElo "1759"]
[PlyCount "48"]
[EventDate "2011.09.24"]
[EventType "team-tourn"]
[EventRounds "9"]
[EventCountry "GER"]
[SourceTitle "EXT 2013"]
[Source "ChessBase"]
[SourceDate "2012.11.22"]
[SourceVersion "1"]
[SourceVersionDate "2012.11.22"]
[SourceQuality "1"]
[WhiteTeam "Heiden"]
[BlackTeam "Bocholt"]
[WhiteTeamCountry "GER"]
[BlackTeamCountry "GER"]

1. e4 c5 2. Nf3 d6 3. d4 cxd4 4. Nxd4 Nf6 5. Nc3 a6 6. Be3 e6 7. f3 Be7 8. Qd2 Bd7 9. 0-0-0 b5 10. g4 h6 11. h4 Nc6 12. Kb1 b4 13. Nce2 Ne5 14. Ng3 Qb8 15. g5 hxg5 16. hxg5 Rxh1 17. gxf6 Rh7 18. fxe7 Kxe7 19. f4 Ng4 20. e5 d5 21. Ndf5+ Kd8 22. Bc5 a5 23. Nd6 g6 24. Be2 Qc7 1-0

[Event "Muensterland Verbandsklasse-B 1011"]
[Site "Germany"]
[Date "2011.04.09"]
[Round "9.8"]
[White "Herdering, Martin"]
[Black "Keller, Hansjuergen"]
[Result "1-0"]
[WhiteElo "1798"]
[BlackElo "1606"]
[PlyCount "85"]
[EventDate "2010.09.18"]
[EventType "team-tourn"]
[EventRounds "9"]
[EventCountry "GER"]
[SourceTitle "EXT 2012"]
[Source "ChessBase"]
[SourceDate "2011.11.24"]
[SourceVersion "1"]
[SourceVersionDate "2011.11.24"]
[SourceQuality "1"]
[WhiteTeam "Heiden II"]
[BlackTeam "Nordwalde"]
[WhiteTeamCountry "GER"]
[BlackTeamCountry "GER"]

1. e4 d5 2. exd5 Qxd5 3. Nc3 Qa5 4. Bc4 Nf6 5. d3 c6 6. Nge2 Bf5 7. 0-0 e6 8. Nd4 Be7 9. Qf3 0-0 10. Re1 Re8 11. Bd2 Bg6 12. a3 Qd8 13. Nde2 Nd5 14. Bxd5 exd5 15. Nf4 Nd7 16. Nxg6 hxg6 17. Re2 Nf6 18. Rae1 Qd7 19. Bg5 Bc5 20. Bxf6 Rxe2 21. Rxe2 gxf6 22. Qxf6 Re8 23. Qf3 Re6 24. Rxe6 Qxe6 25. Qe2 Qf6 26. Nd1 Kg7 27. g3 b5 28. c3 d4 29. b4 Bb6 30. c4 a5 31. c5 Bc7 32. Qe4 axb4 33. axb4 Kf8 34. Kg2 g5 35. f3 Kg7 36. Nf2 Bd8 37. Ng4 Qe7 38. Qxd4+ Kg8 39. Qe4 Qd7 40. Ne5 Qd5 41. Qxd5 cxd5 42. Nc6 Bf6 43. Na7 1-0

[Event "Muensterland Verbandsklasse-A 0607"]
[Site "Germany"]
[Date "2006.11.18"]
[Round "3.4"]
[White "Herdering, Martin"]
[Black "Silies, Juergen"]
[Result "1/2-1/2"]
[WhiteElo "1805"]
[BlackElo "1755"]
[PlyCount "56"]
[EventDate "2006.09.23"]
[EventType "team"]
[EventRounds "9"]
[EventCountry "GER"]
[SourceTitle "EXT 2008"]
[Source "ChessBase"]
[SourceDate "2007.11.25"]
[SourceVersion "1"]
[SourceVersionDate "2007.11.25"]
[SourceQuality "1"]
[WhiteTeam "Heiden II"]
[BlackTeam "Ibbenbueren"]
[WhiteTeamCountry "GER"]
[BlackTeamCountry "GER"]

1. e4 c5 2. Nf3 e6 3. d4 cxd4 4. Nxd4 Qb6 5. Nb3 Nc6 6. Be3 Qc7 7. Nc3 Bb4 8. Qd2 Nf6 9. f3 0-0 10. a3 Bxc3 11. Qxc3 d5 12. Bg5 Ne8 13. exd5 exd5 14. 0-0-0 h6 15. Be3 Nf6 16. Nd4 Bd7 17. Bd3 Rfe8 18. Nxc6 Qxc6 19. Bd4 Qxc3 20. Bxc3 Nh5 21. g3 g6 22. Rhe1 Ng7 23. Bf1 Bc6 24. f4 Nf5 25. Rxe8+ Rxe8 26. Re1 Rxe1+ 27. Bxe1 Nd6 28. Bf2 a6 1/2-1/2

[Event "Muensterland Verbandsklasse-A 0607"]
[Site "Germany"]
[Date "2006.10.21"]
[Round "2.3"]
[White "Herdering, Martin"]
[Black "Boelker, Franz"]
[Result "1-0"]
[WhiteElo "1805"]
[BlackElo "1869"]
[PlyCount "41"]
[EventDate "2006.09.23"]
[EventType "team"]
[EventRounds "9"]
[EventCountry "GER"]
[SourceTitle "EXT 2008"]
[Source "ChessBase"]
[SourceDate "2007.11.25"]
[SourceVersion "1"]
[SourceVersionDate "2007.11.25"]
[SourceQuality "1"]
[WhiteTeam "Heiden II"]
[BlackTeam "Raesfeld Erle"]
[WhiteTeamCountry "GER"]
[BlackTeamCountry "GER"]

1. e4 c5 2. Nf3 d6 3. d4 cxd4 4. Nxd4 Nf6 5. Nc3 a6 6. Bg5 e6 7. f4 Be7 8. Qf3 Qc7 9. 0-0-0 Nbd7 10. g4 b5 11. Bxf6 Bxf6 12. Bxb5 0-0 13. Bxd7 Bxd7 14. g5 Be7 15. h4 Rac8 16. f5 e5 17. Nd5 Qd8 18. f6 Bxf6 19. gxf6 exd4 20. Ne7+ Kh8 21. fxg7+ 1-0

[Event "Lippe Cup 02nd"]
[Site "Lieme"]
[Date "2005.10.08"]
[Round "3"]
[White "Hamann, Carsten"]
[Black "Herdering, Martin"]
[Result "1-0"]
[WhiteElo "2202"]
[BlackElo "1809"]
[PlyCount "66"]
[EventDate "2005.10.07"]
[EventType "swiss"]
[EventRounds "5"]
[EventCountry "GER"]
[SourceTitle "EXT 2012"]
[Source "ChessBase"]
[SourceDate "2011.11.24"]
[SourceVersion "1"]
[SourceVersionDate "2011.11.24"]
[SourceQuality "1"]

1. e4 e5 2. f4 exf4 3. Nf3 d6 4. d4 g5 5. h4 g4 6. Ng1 Bh6 7. Nc3 c6 8. Nge2 Qf6 9. g3 fxg3 10. Nxg3 Bxc1 11. Rxc1 Qh6 12. Bd3 Ne7 13. Qd2 Qxd2+ 14. Kxd2 d5 15. exd5 Nxd5 16. Nce4 0-0 17. c4 f5 18. Nd6 f4 19. Nh5 Nb6 20. Nxc8 Nxc8 21. Rhg1 g3 22. Rcf1 Ne7 23. Rxf4 Nd7 24. Rxg3+ Kh8 25. Rxf8+ Nxf8 26. Nf4 Rd8 27. Kc3 Rd6 28. d5 cxd5 29. Nxd5 Nxd5+ 30. cxd5 Nd7 31. Kd4 Rf6 32. Re3 Rf7 33. d6 Nb6 1-0

[Event "Lippe Cup 02nd"]
[Site "Lieme"]
[Date "2005.10.07"]
[Round "1"]
[White "Dargel, Manuel"]
[Black "Herdering, Martin"]
[Result "0-1"]
[WhiteElo "2118"]
[BlackElo "1809"]
[PlyCount "105"]
[EventDate "2005.10.07"]
[EventType "swiss"]
[EventRounds "5"]
[EventCountry "GER"]
[SourceTitle "EXT 2012"]
[Source "ChessBase"]
[SourceDate "2011.11.24"]
[SourceVersion "1"]
[SourceVersionDate "2011.11.24"]
[SourceQuality "1"]

1. c4 e5 2. Nc3 Nf6 3. g3 c6 4. d4 exd4 5. Qxd4 d5 6. Bg5 Be7 7. cxd5 cxd5 8. Bg2 Nc6 9. Qa4 0-0 10. Rd1 Qb6 11. Rd2 Ng4 12. Be3 Nxe3 13. fxe3 Be6 14. Bxd5 Qxe3 15. Nf3 Nb4 16. Nd1 Qc5 17. Bxe6 fxe6 18. a3 Nd5 19. Qe4 Rad8 20. Qxe6+ Kh8 21. b4 Nxb4 22. axb4 Qxb4 23. Qe3 Bc5 24. Qc3 Qb6 25. Kf1 Rde8 26. Rb2 Qd6 27. Kg2 b6 28. Nf2 Re3 29. Qd2 Qe6 30. Rf1 a5 31. Nd3 Ba3 32. Ra2 Re8 33. Nf4 Qe4 34. Rf2 Bc5 35. Qc2 Qe7 36. Qf5 Qb7 37. Nd5 R3e5 38. Nxe5 Qxd5+ 39. Qf3 Qxa2 40. Qh5 Rxe5 41. Qxe5 Bxf2 42. Kxf2 Qf7+ 43. Kg2 Qf8 44. h4 Qa8+ 45. Kh2 a4 46. h5 h6 47. g4 a3 48. g5 a2 49. Qa1 Qa5 50. gxh6 Qxh5+ 51. Kg3 Qg5+ 52. Kf2 Qf6+ 53. Qxf6 0-1

[Event "Muensterland Verbandsklasse-A 0304"]
[Site "Germany"]
[Date "2004.04.17"]
[Round "9.8"]
[White "Schlagheck, Thomas"]
[Black "Herdering, Martin"]
[Result "1/2-1/2"]
[WhiteElo "1771"]
[BlackElo "1835"]
[PlyCount "46"]
[EventDate "2003.09.20"]
[EventType "team"]
[EventRounds "9"]
[EventCountry "GER"]
[SourceTitle "EXT 2005"]
[Source "ChessBase"]
[SourceDate "2004.11.15"]
[SourceVersion "1"]
[SourceVersionDate "2004.11.15"]
[SourceQuality "1"]
[WhiteTeam "Muenster V"]
[BlackTeam "Heiden II"]
[WhiteTeamCountry "GER"]
[BlackTeamCountry "GER"]

1. e4 e5 2. Nf3 Nf6 3. Nxe5 d6 4. Nf3 Nxe4 5. Qe2 Qe7 6. d3 Nf6 7. Qxe7+ Bxe7 8. Be2 Nc6 9. a3 Bg4 10. Nc3 0-0 11. 0-0 Rfe8 12. Bf4 Bf8 13. h3 Bxf3 14. Bxf3 Nd4 15. Bd1 g6 16. Be3 Nf5 17. Bd2 c6 18. Re1 Rxe1+ 19. Bxe1 Bh6 20. Kf1 Re8 21. Ne2 Nd5 22. Nc3 Nf6 23. Ne2 Nd5 1/2-1/2

[Event "Muensterland Verbandsklasse-A 0304"]
[Site "Germany"]
[Date "2004.01.17"]
[Round "5.8"]
[White "Vollstaedt, Raimo"]
[Black "Herdering, Martin"]
[Result "0-1"]
[WhiteElo "1742"]
[BlackElo "1835"]
[PlyCount "100"]
[EventDate "2003.09.20"]
[EventType "team"]
[EventRounds "9"]
[EventCountry "GER"]
[SourceTitle "EXT 2005"]
[Source "ChessBase"]
[SourceDate "2004.11.15"]
[SourceVersion "1"]
[SourceVersionDate "2004.11.15"]
[SourceQuality "1"]
[WhiteTeam "Emsdetten Turm III"]
[BlackTeam "Heiden II"]
[WhiteTeamCountry "GER"]
[BlackTeamCountry "GER"]

1. c4 e5 2. Nc3 Nf6 3. g3 c6 4. Bg2 d5 5. d3 dxc4 6. dxc4 Qxd1+ 7. Nxd1 Bb4+ 8. Bd2 Bxd2+ 9. Kxd2 Be6 10. Ne3 Nbd7 11. f4 exf4 12. gxf4 Nc5 13. Nf3 Rd8+ 14. Kc2 0-0 15. Rad1 Rde8 16. Rhe1 Bc8 17. Nf1 Bf5+ 18. Kc1 Re4 19. Rd4 Rfe8 20. Kd2 Bg4 21. e3 Bxf3 22. Bxf3 Rxd4+ 23. exd4 Rxe1 24. Kxe1 Ne6 25. d5 cxd5 26. cxd5 Nxf4 27. d6 b6 28. Kd2 Kf8 29. Bc6 Ne6 30. Kd3 Ne8 31. d7 Nf6 32. Ne3 Nxd7 33. Bg2 Nf4+ 34. Kc4 Nxg2 35. Nxg2 Ke7 36. Kd5 f5 37. h4 g6 38. b4 h6 39. Ne3 f4 40. Nc4 g5 41. hxg5 hxg5 42. a4 b5 43. axb5 Nb6+ 44. Nxb6 axb6 45. Kc6 f3 46. Kxb6 f2 47. Ka7 f1Q 48. b6 Qa1+ 49. Kb8 Kd7 50. b7 Qh8+ 0-1